[Event "msr2018"]
[Site "?"]
[Date "2018.04.21"]
[Round "1.1"]
[White "Kardis, Benjamin"]
[Black "Haring, Filip"]
[Result "0-1"]
[BlackElo "2339"]
[WhiteElo "1853"]
[LiveChessVersion "1.4.8"]

1. f4 {[%clk 1:30:56]} Nf6 {[%clk 1:30:31]} 2. Nf3 {[%clk 1:30:38]} g6
{[%clk 1:30:16]} 3. d4 {[%clk 1:30:23]} Bg7 {[%clk 1:30:10]} 4. e3
{[%clk 1:30:28]} O-O {[%clk 1:29:28]} 5. Bd3 {[%clk 1:29:43]} d6 {[%clk 1:28:12]}
6. O-O {[%clk 1:28:59]} c5 {[%clk 1:26:45]} 7. c3 {[%clk 1:26:25]} b6
{[%clk 1:26:50]} 8. Nbd2 {[%clk 1:23:51]} Ba6 {[%clk 1:17:57]} 9. Qe2
{[%clk 1:19:25]} Bxd3 {[%clk 1:17:08]} 10. Qxd3 {[%clk 1:19:07]} cxd4
{[%clk 1:15:15]} 11. exd4 {[%clk 1:19:18]} e6 {[%clk 1:13:16]} 12. Ne4
{[%clk 1:17:10]} Nd5 {[%clk 1:05:55]} 13. Bd2 {[%clk 1:15:11]} Nc6
{[%clk 1:04:51]} 14. a3 {[%clk 1:14:05]} Nde7 {[%clk 1:01:20]} 15. Rad1
{[%clk 1:11:40]} Rc8 {[%clk 0:59:32]} 16. Rfe1 {[%clk 1:09:33]} Na5
{[%clk 0:57:33]} 17. Qe2 {[%clk 1:05:18]} Qd7 {[%clk 0:54:27]} 18. Qf2
{[%clk 1:03:17]} Nd5 {[%clk 0:50:45]} 19. Qg3 {[%clk 0:56:59]} Rfd8
{[%clk 0:49:06]} 20. Qh4 {[%clk 0:55:33]} Qb5 {[%clk 0:45:29]} 21. Qh3
{[%clk 0:54:07]} h6 {[%clk 0:40:28]} 22. g4 {[%clk 0:51:20]} Nc4 {[%clk 0:39:52]}
23. f5 {[%clk 0:50:11]} Nxd2 {[%clk 0:38:54]} 24. Rxd2 {[%clk 0:50:30]} exf5
{[%clk 0:38:17]} 25. gxf5 {[%clk 0:50:28]} Nf4 {[%clk 0:36:39]} 26. Qg3
{[%clk 0:48:20]} Nh5 {[%clk 0:33:39]} 27. Nxd6 {[%clk 0:47:18]} Qd7
{[%clk 0:32:57]} 28. Nxc8 {[%clk 0:42:37]} Nxg3 {[%clk 0:33:08]} 29. Ne7+
{[%clk 0:43:02]} Kf8 {[%clk 0:32:22]} 30. hxg3 {[%clk 0:43:18]} Re8
{[%clk 0:32:34]} 31. Rde2 {[%clk 0:43:37]} Rd8 {[%clk 0:29:14]} 32. fxg6
{[%clk 0:40:22]} Bf6 {[%clk 0:22:12]} 33. gxf7 {[%clk 0:38:22]} Qh3
{[%clk 0:13:15]} 34. Rh2 {[%clk 0:27:21]} Qxg3+ {[%clk 0:10:03]} 35. Rg2
{[%clk 0:27:43]} Qxf3 {[%clk 0:09:21]} 36. Rg8+ {[%clk 0:27:40]} Kxf7
{[%clk 0:09:40]} 37. Rxd8 {[%clk 0:28:04]} Qg3+ {[%clk 0:08:57]} 38. Kf1
{[%clk 0:28:28]} Bxe7 {[%clk 0:09:23]} 39. Rh8 {[%clk 0:28:24]} Bh4 40. Kf2 Qh3+
0-1

[Event "msr2018"]
[Site "?"]
[Date "2018.04.21"]
[Round "1.2"]
[White "Jakab, Bela"]
[Black "Viczencz, Peter"]
[Result "1-0"]
[BlackElo "1837"]
[WhiteElo "2258"]
[LiveChessVersion "1.4.8"]

1. e3 {[%clk 1:30:53]} c5 {[%clk 1:30:37]} 2. d4 {[%clk 1:31:14]} e6
{[%clk 1:31:00]} 3. Nf3 {[%clk 1:31:30]} Nf6 {[%clk 1:31:07]} 4. Be2
{[%clk 1:31:16]} Nc6 {[%clk 1:30:32]} 5. O-O {[%clk 1:31:25]} d5 {[%clk 1:30:30]}
6. Nbd2 {[%clk 1:30:32]} Be7 {[%clk 1:30:27]} 7. dxc5 {[%clk 1:24:49]} Bxc5
{[%clk 1:30:37]} 8. c4 {[%clk 1:24:41]} dxc4 {[%clk 1:29:06]} 9. Nxc4
{[%clk 1:23:54]} O-O {[%clk 1:29:14]} 10. a3 {[%clk 1:18:34]} a5 {[%clk 1:24:38]}
11. Qc2 {[%clk 1:15:50]} Qc7 {[%clk 1:22:15]} 12. b3 {[%clk 1:13:51]} b5
{[%clk 1:21:30]} 13. Ncd2 {[%clk 1:13:28]} Qb6 {[%clk 1:21:48]} 14. Bb2
{[%clk 1:13:02]} Nd5 {[%clk 1:15:08]} 15. Rac1 {[%clk 1:09:27]} Nxe3
{[%clk 1:14:06]} 16. Qxc5 {[%clk 1:09:23]} Qxc5 {[%clk 1:14:27]} 17. Rxc5
{[%clk 1:09:50]} Nxf1 {[%clk 1:14:49]} 18. Nxf1 {[%clk 1:09:44]} Ne7
{[%clk 1:14:01]} 19. Bxb5 {[%clk 1:08:28]} Rd8 {[%clk 1:10:31]} 20. Ne5
{[%clk 1:07:09]} Ba6 {[%clk 1:10:10]} 21. Bxa6 {[%clk 1:04:58]} Rxa6
{[%clk 1:10:32]} 22. Rc7 {[%clk 1:04:38]} Re8 {[%clk 1:08:16]} 23. Nc4
{[%clk 1:03:10]} Nc6 {[%clk 1:07:12]} 24. Nfe3 {[%clk 1:01:43]} Rb8
{[%clk 1:06:27]} 25. Kf1 {[%clk 1:00:01]} f6 {[%clk 1:06:26]} 26. Nd2
{[%clk 0:59:38]} Rd8 {[%clk 1:06:03]} 27. Ke2 {[%clk 0:59:45]} Nd4+
{[%clk 1:04:35]} 28. Bxd4 {[%clk 1:00:08]} Rxd4 {[%clk 1:04:59]} 29. Ndc4
{[%clk 0:59:54]} f5 {[%clk 1:02:31]} 30. Rc5 {[%clk 0:59:11]} f4 {[%clk 1:02:36]}
31. Nc2 {[%clk 0:59:33]} Rd5 {[%clk 1:02:56]} 32. Rxd5 {[%clk 0:59:20]} exd5
{[%clk 1:03:21]} 33. Nd2 {[%clk 0:59:43]} Kf7 {[%clk 1:03:25]} 34. b4
{[%clk 0:59:54]} axb4 {[%clk 1:03:44]} 35. axb4 {[%clk 1:00:18]} Ke6
{[%clk 1:03:28]} 36. b5 {[%clk 0:59:35]} Ra4 {[%clk 1:01:58]} 37. Nb3
{[%clk 0:57:01]} Kd6 {[%clk 1:02:00]} 38. Nbd4 {[%clk 0:57:09]} g5
{[%clk 1:01:46]} 39. Kf3 {[%clk 0:57:28]} h5 {[%clk 1:01:52]} 40. h4
{[%clk 0:57:36]} gxh4 {[%clk 1:01:52]} 41. Kxf4 {[%clk 0:58:01]} Ra1
{[%clk 1:02:07]} 1-0

[Event "msr2018"]
[Site "?"]
[Date "2018.04.21"]
[Round "1.3"]
[White "Antal, Jakub"]
[Black "Sahidi, Samir"]
[Result "0-1"]
[BlackElo "2238"]
[WhiteElo "1801"]
[LiveChessVersion "1.4.8"]

1. e4 {[%clk 1:30:46]} c5 {[%clk 1:30:07]} 2. Nf3 {[%clk 1:30:18]} d6
{[%clk 1:29:42]} 3. d4 {[%clk 1:27:56]} cxd4 {[%clk 1:29:57]} 4. Nxd4
{[%clk 1:28:17]} Nf6 {[%clk 1:29:21]} 5. Nc3 {[%clk 1:27:43]} g6 {[%clk 1:28:44]}
6. f3 {[%clk 1:10:45]} a6 {[%clk 1:25:24]} 7. Be3 {[%clk 1:03:23]} Nc6
{[%clk 1:20:36]} 8. Qd2 {[%clk 0:50:38]} d5 {[%clk 1:09:26]} 9. O-O-O
{[%clk 0:36:34]} dxe4 {[%clk 1:00:38]} 10. Qf2 {[%clk 0:25:49]} Bd7
{[%clk 0:56:41]} 11. Nxe4 {[%clk 0:18:58]} Nxe4 {[%clk 0:55:04]} 12. fxe4
{[%clk 0:19:13]} Ne5 {[%clk 0:55:14]} 13. Bf4 {[%clk 0:09:35]} Bg7
{[%clk 0:51:15]} 14. Bxe5 {[%clk 0:08:39]} Bxe5 {[%clk 0:51:24]} 15. Bc4
{[%clk 0:08:06]} e6 {[%clk 0:49:22]} 16. Rhf1 {[%clk 0:06:00]} Qe7
{[%clk 0:48:58]} 17. g3 {[%clk 0:04:49]} O-O {[%clk 0:48:53]} 18. Nf3
{[%clk 0:03:50]} Bg7 {[%clk 0:46:31]} 19. e5 {[%clk 0:02:46]} Bc6
{[%clk 0:46:33]} 20. Qe2 {[%clk 0:02:08]} Rac8 {[%clk 0:43:12]} 21. Nd4
{[%clk 0:01:13]} b5 {[%clk 0:42:57]} 22. Bb3 {[%clk 0:00:38]} Bb7
{[%clk 0:41:44]} 23. Rd3 {[%clk 0:00:36]} Rc5 {[%clk 0:41:07]} 24. Nf3
{[%clk 0:00:36]} a5 {[%clk 0:40:38]} 25. a4 {[%clk 0:00:36]} bxa4
{[%clk 0:40:44]} 26. Bxa4 {[%clk 0:00:58]} Ba6 {[%clk 0:40:46]} 27. Rfd1
{[%clk 0:00:35]} Bxd3 {[%clk 0:40:56]} 28. Rxd3 {[%clk 0:00:36]} Rd8
{[%clk 0:40:44]} 29. Rxd8+ {[%clk 0:00:36]} Qxd8 {[%clk 0:41:06]} 30. Qe3
{[%clk 0:00:33]} Qc7 {[%clk 0:40:53]} 31. Qe2 {[%clk 0:00:32]} Bxe5
{[%clk 0:41:11]} 32. Nxe5 {[%clk 0:00:43]} Qxe5 {[%clk 0:41:04]} 0-1

[Event "msr2018"]
[Site "?"]
[Date "2018.04.21"]
[Round "1.4"]
[White "Bango, Lukas"]
[Black "Steiniger, Florian"]
[Result "1-0"]
[BlackElo "1777"]
[WhiteElo "2127"]
[LiveChessVersion "1.4.8"]

1. e4 {[%clk 1:30:59]} e5 {[%clk 1:30:51]} 2. f4 {[%clk 1:31:22]} d5
{[%clk 1:30:47]} 3. exd5 {[%clk 1:30:21]} c6 {[%clk 1:29:26]} 4. Nc3
{[%clk 1:27:07]} exf4 {[%clk 1:25:37]} 5. Nf3 {[%clk 1:25:53]} Nf6
{[%clk 1:23:06]} 6. d4 {[%clk 1:25:52]} Bb4 {[%clk 1:17:26]} 7. Bxf4
{[%clk 1:24:39]} Nxd5 {[%clk 1:17:09]} 8. Bd2 {[%clk 1:24:57]} Bxc3
{[%clk 1:16:00]} 9. bxc3 {[%clk 1:25:09]} O-O {[%clk 1:15:46]} 10. Be2
{[%clk 1:25:08]} Re8 {[%clk 1:15:01]} 11. O-O {[%clk 1:24:30]} Nd7
{[%clk 1:13:08]} 12. Bd3 {[%clk 1:23:25]} N7f6 {[%clk 1:10:51]} 13. Ne5
{[%clk 1:21:01]} c5 {[%clk 1:06:18]} 14. Kh1 {[%clk 1:20:00]} b6 {[%clk 1:03:39]}
15. Qf3 {[%clk 1:17:27]} Be6 {[%clk 0:56:30]} 16. Rae1 {[%clk 1:14:15]} Rc8
{[%clk 0:53:21]} 17. c4 {[%clk 1:12:39]} Nb4 {[%clk 0:50:02]} 18. d5
{[%clk 1:11:12]} Nxd3 {[%clk 0:46:43]} 19. cxd3 {[%clk 1:11:05]} Bd7
{[%clk 0:46:01]} 20. Bg5 {[%clk 1:10:20]} Ba4 {[%clk 0:42:24]} 21. Ng4
{[%clk 1:08:42]} Rxe1 {[%clk 0:37:19]} 22. Rxe1 {[%clk 1:09:07]} Qd6
{[%clk 0:35:21]} 23. Nxf6+ {[%clk 1:08:43]} gxf6 {[%clk 0:35:43]} 24. Bxf6
{[%clk 1:09:05]} Bd7 {[%clk 0:34:33]} 25. Re5 {[%clk 1:09:25]} 1-0

[Event "msr2018"]
[Site "?"]
[Date "2018.04.21"]
[Round "1.6"]
[White "Franko, Ondrej"]
[Black "Pogadl, Jakub"]
[Result "1-0"]
[BlackElo "1632"]
[WhiteElo "1968"]
[LiveChessVersion "1.4.8"]

1. e4 {[%clk 1:30:55]} c5 {[%clk 1:30:50]} 2. Nf3 {[%clk 1:31:19]} Nc6
{[%clk 1:31:05]} 3. Bb5 {[%clk 1:31:45]} Nf6 {[%clk 1:31:16]} 4. e5
{[%clk 1:30:19]} Nd5 {[%clk 1:31:13]} 5. O-O {[%clk 1:30:14]} g6 {[%clk 1:30:49]}
6. Re1 {[%clk 1:26:37]} Bg7 {[%clk 1:29:16]} 7. c3 {[%clk 1:24:55]} O-O
{[%clk 1:26:54]} 8. d4 {[%clk 1:23:53]} cxd4 {[%clk 1:24:31]} 9. cxd4
{[%clk 1:24:15]} d6 {[%clk 1:23:00]} 10. exd6 {[%clk 1:15:29]} Qxd6
{[%clk 1:22:33]} 11. Nc3 {[%clk 1:14:54]} Nc7 {[%clk 1:14:26]} 12. Bxc6
{[%clk 1:10:23]} bxc6 {[%clk 1:14:06]} 13. Bg5 {[%clk 1:04:01]} Ne6
{[%clk 1:09:51]} 14. Ne4 {[%clk 0:59:30]} Qb4 {[%clk 1:07:44]} 15. a3
{[%clk 0:57:54]} Qxb2 {[%clk 1:05:54]} 16. Bxe7 {[%clk 0:58:02]} Re8
{[%clk 1:04:55]} 17. Nf6+ {[%clk 0:52:56]} Bxf6 {[%clk 1:04:58]} 18. Bxf6
{[%clk 0:53:23]} Ba6 {[%clk 1:03:19]} 19. Be5 {[%clk 0:48:13]} Qb5
{[%clk 0:59:52]} 20. Rb1 {[%clk 0:45:06]} Qd5 {[%clk 0:57:28]} 21. Qd2
{[%clk 0:39:42]} Rad8 {[%clk 0:54:30]} 22. Qh6 {[%clk 0:37:35]} Rd7
{[%clk 0:51:42]} 23. Ng5 {[%clk 0:35:39]} f5 {[%clk 0:49:04]} 24. Nxh7
{[%clk 0:35:29]} Nf4 {[%clk 0:33:02]} 25. Nf6+ {[%clk 0:35:24]} Kf7
{[%clk 0:33:07]} 26. Nxd5 {[%clk 0:35:37]} Nxd5 {[%clk 0:33:14]} 27. Qg7+
{[%clk 0:35:28]} Ke6 {[%clk 0:33:37]} 28. Bf4+ {[%clk 0:34:57]} 1-0

[Event "msr2018"]
[Site "?"]
[Date "2018.04.21"]
[Round "1.7"]
[White "Taragel, Marian"]
[Black "Sandor, Martin"]
[Result "0-1"]
[BlackElo "1964"]
[WhiteElo "1576"]
[LiveChessVersion "1.4.8"]

1. e4 {[%clk 1:30:55]} c5 {[%clk 1:30:50]} 2. Nf3 {[%clk 1:30:56]} d6
{[%clk 1:31:13]} 3. d4 {[%clk 1:30:18]} cxd4 {[%clk 1:31:28]} 4. Nxd4
{[%clk 1:30:15]} Nf6 {[%clk 1:31:50]} 5. Nc3 {[%clk 1:29:25]} a6 {[%clk 1:32:15]}
6. Be3 {[%clk 1:28:25]} e5 {[%clk 1:28:42]} 7. Nb3 {[%clk 1:27:33]} Be6
{[%clk 1:28:35]} 8. f3 {[%clk 1:25:35]} h5 {[%clk 1:27:46]} 9. Qd2
{[%clk 1:24:47]} Be7 {[%clk 1:26:01]} 10. O-O-O {[%clk 1:23:51]} Nbd7
{[%clk 1:24:09]} 11. f4 {[%clk 1:15:15]} Ng4 {[%clk 1:21:31]} 12. Kb1
{[%clk 1:09:51]} Nxe3 {[%clk 1:14:43]} 13. Qxe3 {[%clk 1:09:02]} exf4
{[%clk 1:14:44]} 14. Qxf4 {[%clk 1:08:15]} Ne5 {[%clk 1:13:39]} 15. Nc5
{[%clk 1:01:41]} Rc8 {[%clk 1:04:29]} 16. Nd3 {[%clk 0:56:53]} Qa5
{[%clk 0:58:24]} 17. Nd5 {[%clk 0:48:21]} Bxd5 {[%clk 0:42:09]} 18. exd5
{[%clk 0:47:52]} Bf6 {[%clk 0:38:35]} 19. Qe4 {[%clk 0:42:25]} O-O
{[%clk 0:29:32]} 20. h3 {[%clk 0:38:56]} g6 {[%clk 0:26:58]} 21. g4
{[%clk 0:36:41]} h4 {[%clk 0:26:30]} 22. g5 {[%clk 0:32:50]} Bg7 {[%clk 0:23:37]}
23. Nf4 {[%clk 0:29:05]} Rfe8 {[%clk 0:21:51]} 24. Qg2 {[%clk 0:25:45]} Qb4
{[%clk 0:20:42]} 25. Nd3 {[%clk 0:23:16]} Nxd3 {[%clk 0:20:48]} 26. cxd3
{[%clk 0:23:23]} Re1 {[%clk 0:19:51]} 0-1

[Event "msr2018"]
[Site "?"]
[Date "2018.04.21"]
[Round "1.8"]
[White "Varga, Lukas"]
[Black "Zahorcek, Jakub"]
[Result "1-0"]
[BlackElo "1550"]
[WhiteElo "1962"]
[LiveChessVersion "1.4.8"]

1. e4 {[%clk 1:30:58]} e6 {[%clk 1:30:52]} 2. d4 {[%clk 1:31:21]} d5
{[%clk 1:31:16]} 3. Nd2 {[%clk 1:31:18]} Nf6 {[%clk 1:31:03]} 4. Bd3
{[%clk 1:29:33]} c5 {[%clk 1:31:02]} 5. dxc5 {[%clk 1:27:30]} dxe4
{[%clk 1:29:02]} 6. Nxe4 {[%clk 1:23:28]} Nxe4 {[%clk 1:29:12]} 7. Bxe4
{[%clk 1:23:42]} Qxd1+ {[%clk 1:29:34]} 8. Kxd1 {[%clk 1:24:07]} Bxc5
{[%clk 1:29:54]} 9. Ke2 {[%clk 1:23:28]} O-O {[%clk 1:27:48]} 10. Be3
{[%clk 1:19:35]} Nd7 {[%clk 1:24:37]} 11. Rd1 {[%clk 1:14:42]} Rb8
{[%clk 1:23:22]} 12. c3 {[%clk 1:03:03]} b6 {[%clk 1:22:35]} 13. Nf3
{[%clk 1:02:10]} Ba6+ {[%clk 1:21:52]} 14. Bd3 {[%clk 1:02:03]} Bxd3+
{[%clk 1:22:00]} 15. Rxd3 {[%clk 1:02:12]} Nf6 {[%clk 1:17:43]} 16. Bxc5
{[%clk 0:54:13]} bxc5 {[%clk 1:18:05]} 17. Rb1 {[%clk 0:51:38]} Nd5
{[%clk 1:17:54]} 18. Rdd1 {[%clk 0:48:26]} Rfd8 {[%clk 1:17:29]} 19. Kf1
{[%clk 0:41:53]} f6 {[%clk 1:14:32]} 20. c4 {[%clk 0:40:51]} Nb4 {[%clk 1:13:41]}
21. Rxd8+ {[%clk 0:37:20]} Rxd8 {[%clk 1:14:00]} 22. a3 {[%clk 0:37:32]} Nc6
{[%clk 1:13:43]} 23. b4 {[%clk 0:33:54]} Rb8 {[%clk 1:07:46]} 24. b5
{[%clk 0:33:55]} Na5 {[%clk 1:07:31]} 25. Rc1 {[%clk 0:30:34]} Rd8
{[%clk 1:07:27]} 26. Ke2 {[%clk 0:30:41]} Nb3 {[%clk 1:07:34]} 27. Rc3
{[%clk 0:29:47]} Nd4+ {[%clk 1:07:39]} 28. Nxd4 {[%clk 0:29:01]} Rxd4
{[%clk 1:07:56]} 29. Rd3 {[%clk 0:27:36]} e5 {[%clk 1:05:34]} 30. Rxd4
{[%clk 0:26:33]} exd4 {[%clk 1:05:55]} 31. a4 {[%clk 0:26:53]} Kf7
{[%clk 1:06:13]} 32. a5 {[%clk 0:27:01]} Ke7 {[%clk 1:06:34]} 33. a6 Kd7 34. b6
{[%clk 0:26:44]} axb6 {[%clk 1:03:13]} 35. a7 {[%clk 0:27:05]} 1-0

[Event "msr2018"]
[Site "?"]
[Date "2018.04.21"]
[Round "1.9"]
[White "Kuna, Patrik"]
[Black "Turcan, Richard"]
[Result "0-1"]
[BlackElo "2171"]
[WhiteElo "1545"]
[LiveChessVersion "1.4.8"]

1. e4 {[%clk 1:30:58]} c5 {[%clk 1:30:50]} 2. Nf3 {[%clk 1:31:17]} d6
{[%clk 1:30:41]} 3. d4 {[%clk 1:31:11]} cxd4 {[%clk 1:31:05]} 4. Nxd4
{[%clk 1:31:32]} Nf6 {[%clk 1:31:31]} 5. f3 {[%clk 1:31:20]} Nc6 {[%clk 1:27:19]}
6. Be3 {[%clk 1:18:09]} g6 {[%clk 1:17:16]} 7. Be2 {[%clk 1:17:38]} Bg7
{[%clk 1:16:44]} 8. c4 {[%clk 1:17:43]} O-O {[%clk 1:14:38]} 9. Nc3
{[%clk 1:17:32]} Nxd4 {[%clk 1:14:00]} 10. Bxd4 {[%clk 1:14:43]} Be6
{[%clk 1:11:20]} 11. O-O {[%clk 1:11:21]} Nd7 {[%clk 1:08:02]} 12. Bxg7
{[%clk 1:08:00]} Kxg7 {[%clk 1:08:27]} 13. Qd4+ {[%clk 1:06:56]} Kg8
{[%clk 1:08:33]} 14. Rac1 {[%clk 1:04:56]} Qb6 {[%clk 1:07:04]} 15. Qxb6
{[%clk 1:03:52]} Nxb6 {[%clk 1:07:26]} 16. Nd5 {[%clk 1:03:27]} Bxd5
{[%clk 1:06:57]} 17. cxd5 {[%clk 1:03:12]} Rfc8 {[%clk 1:07:06]} 18. Bb5
{[%clk 0:59:09]} a6 {[%clk 1:05:10]} 19. Be2 {[%clk 0:58:00]} Na4
{[%clk 1:00:38]} 20. b3 {[%clk 0:56:38]} Nc3 {[%clk 0:59:05]} 21. Rc2
{[%clk 0:55:43]} Nxe2+ {[%clk 0:58:20]} 22. Rxe2 {[%clk 0:53:32]} Rc5
{[%clk 0:58:39]} 23. Kf2 {[%clk 0:51:07]} Rac8 {[%clk 0:58:46]} 24. Rd1
{[%clk 0:44:33]} Kf8 {[%clk 0:39:55]} 25. Ke3 {[%clk 0:40:55]} Rc3+
{[%clk 0:36:07]} 26. Rd3 {[%clk 0:40:40]} Rc1 {[%clk 0:36:03]} 27. Rdd2
{[%clk 0:39:11]} g5 {[%clk 0:33:51]} 28. h3 {[%clk 0:38:23]} Kg7 {[%clk 0:33:20]}
29. f4 {[%clk 0:21:39]} R1c3+ {[%clk 0:32:49]} 30. Rd3 {[%clk 0:21:56]} gxf4+
{[%clk 0:33:06]} 31. Kd4 {[%clk 0:21:54]} e5# {[%clk 0:31:55]} 32. dxe6
{[%clk 0:22:12]} Rxd3+ {[%clk 0:32:20]} 33. Kxd3 {[%clk 0:22:25]} fxe6
{[%clk 0:32:48]} 34. e5 {[%clk 0:21:56]} d5 {[%clk 0:33:09]} 35. Rf2
{[%clk 0:22:11]} Rf8 {[%clk 0:32:52]} 36. Kd4 {[%clk 0:21:14]} Rf5
{[%clk 0:32:21]} 37. b4 {[%clk 0:18:58]} Kf8 {[%clk 0:30:34]} 38. Rc2
{[%clk 0:12:02]} f3 {[%clk 0:28:42]} 39. Rc8+ {[%clk 0:10:23]} Kg7
{[%clk 0:28:54]} 40. Rc7+ {[%clk 0:10:24]} Rf7 {[%clk 0:29:10]} 41. Rxf7+
{[%clk 0:10:26]} Kxf7 {[%clk 0:29:38]} 42. gxf3 {[%clk 0:10:48]} Kg6
{[%clk 0:29:38]} 43. f4 {[%clk 0:09:48]} Kf5 {[%clk 0:30:05]} 44. Ke3
{[%clk 0:10:11]} b5 {[%clk 0:29:55]} 45. a3 {[%clk 0:09:20]} h6 {[%clk 0:30:19]}
46. h4 {[%clk 0:08:20]} h5 {[%clk 0:30:28]} 47. Kf3 {[%clk 0:08:39]} d4
{[%clk 0:30:54]} 0-1

[Event "msr2018"]
[Site "?"]
[Date "2018.04.21"]
[Round "1.10"]
[White "Sosovicka, Jakub"]
[Black "Devera, Simon"]
[Result "1-0"]
[BlackElo "1544"]
[WhiteElo "2105"]
[LiveChessVersion "1.4.8"]

1. e4 {[%clk 1:30:56]} c5 {[%clk 1:30:53]} 2. Nf3 {[%clk 1:31:22]} Nc6
{[%clk 1:31:15]} 3. d4 {[%clk 1:31:45]} cxd4 {[%clk 1:31:34]} 4. Nxd4
{[%clk 1:32:07]} Nf6 {[%clk 1:31:53]} 5. Nc3 {[%clk 1:32:16]} e5 {[%clk 1:32:04]}
6. Ndb5 {[%clk 1:32:26]} d6 {[%clk 1:32:22]} 7. Bg5 {[%clk 1:32:19]} a6
{[%clk 1:32:17]} 8. Na3 {[%clk 1:31:43]} b5 {[%clk 1:31:22]} 9. Nd5
{[%clk 1:31:20]} h6 {[%clk 1:27:54]} 10. Bxf6 {[%clk 1:25:34]} gxf6
{[%clk 1:28:15]} 11. c3 {[%clk 1:01:47]} Bg7 {[%clk 1:23:49]} 12. Nc2
{[%clk 0:55:17]} Ne7 {[%clk 1:17:33]} 13. Nce3 {[%clk 0:54:40]} O-O
{[%clk 1:08:46]} 14. Nxe7+ {[%clk 0:48:06]} Qxe7 {[%clk 1:09:05]} 15. a4
{[%clk 0:47:15]} Rb8 {[%clk 0:52:20]} 16. axb5 {[%clk 0:45:47]} axb5
{[%clk 0:52:32]} 17. Ra5 {[%clk 0:35:03]} Bb7 {[%clk 0:41:56]} 18. Nf5
{[%clk 0:33:37]} Qc7 {[%clk 0:38:15]} 19. Qg4 {[%clk 0:33:23]} 1-0

[Event "msr2018"]
[Site "?"]
[Date "2018.04.21"]
[Round "1.11"]
[White "Blaho, Jakub"]
[Black "Zetocha, Adrian"]
[Result "0-1"]
[BlackElo "2094"]
[WhiteElo "1512"]
[LiveChessVersion "1.4.8"]

1. e4 {[%clk 1:30:58]} d6 {[%clk 1:30:42]} 2. d4 {[%clk 1:30:57]} Nf6
{[%clk 1:31:05]} 3. Nc3 {[%clk 1:30:55]} g6 {[%clk 1:31:28]} 4. Nf3
{[%clk 1:30:56]} Bg7 {[%clk 1:31:44]} 5. Be2 {[%clk 1:30:52]} O-O
{[%clk 1:32:05]} 6. O-O {[%clk 1:31:06]} Bg4 {[%clk 1:25:56]} 7. Be3
{[%clk 1:29:26]} Nc6 {[%clk 1:25:01]} 8. d5 {[%clk 1:24:54]} Nb8 {[%clk 1:21:23]}
9. Qd2 {[%clk 1:21:34]} Re8 {[%clk 1:20:29]} 10. h3 {[%clk 1:13:55]} Bxf3
{[%clk 1:20:47]} 11. Bxf3 {[%clk 1:13:55]} c5 {[%clk 1:19:08]} 12. Rad1
{[%clk 1:09:13]} Na6 {[%clk 1:19:13]} 13. Rfe1 {[%clk 1:03:12]} Rb8
{[%clk 1:18:23]} 14. Be2 b5 15. Bh6 {[%clk 0:58:57]} Bxh6 {[%clk 1:02:16]} 16.
Qxh6 {[%clk 0:59:03]} Qa5 {[%clk 1:02:39]} 17. a3 {[%clk 0:53:49]} Nc7
{[%clk 1:01:44]} 18. Qf4 {[%clk 0:49:49]} b4 {[%clk 1:00:32]} 19. Nb1
{[%clk 0:46:37]} bxa3 {[%clk 0:58:43]} 20. Nxa3 {[%clk 0:46:32]} Qa4
{[%clk 0:53:45]} 21. Bd3 {[%clk 0:39:01]} Ncxd5 {[%clk 0:51:28]} 22. Qf3
{[%clk 0:36:40]} Nb4 {[%clk 0:51:21]} 23. e5 {[%clk 0:30:48]} dxe5
{[%clk 0:48:04]} 24. Rxe5 {[%clk 0:30:55]} Nxd3 {[%clk 0:46:22]} 25. Qxd3
{[%clk 0:30:48]} Rxb2 {[%clk 0:41:02]} 26. Rxc5 {[%clk 0:30:40]} Reb8
{[%clk 0:39:24]} 27. Rc7 {[%clk 0:30:16]} Ra2 {[%clk 0:38:32]} 28. Rc3
{[%clk 0:28:36]} Qf4 {[%clk 0:30:25]} 29. g3 {[%clk 0:25:39]} Qe4
{[%clk 0:27:41]} 30. Qxe4 {[%clk 0:23:04]} Nxe4 {[%clk 0:28:03]} 31. Re3
{[%clk 0:23:16]} Nf6 {[%clk 0:24:38]} 32. Rd2 {[%clk 0:23:08]} Rbb2
{[%clk 0:22:52]} 33. Kg2 {[%clk 0:22:31]} Kg7 {[%clk 0:22:49]} 34. Rdd3
{[%clk 0:21:59]} e6 {[%clk 0:22:08]} 35. Rd4 {[%clk 0:20:38]} Nd5
{[%clk 0:22:16]} 36. Rf3 {[%clk 0:20:01]} f5 {[%clk 0:17:02]} 37. Ra4
{[%clk 0:17:58]} Rxc2 {[%clk 0:09:08]} 38. Rxa7+ {[%clk 0:18:19]} Rc7
{[%clk 0:09:32]} 39. Rxc7+ {[%clk 0:17:38]} Nxc7 {[%clk 0:09:57]} 40. Nc4
{[%clk 0:17:54]} Nd5 {[%clk 0:08:35]} 41. Rb3 {[%clk 0:17:52]} Kf6
{[%clk 0:07:30]} 42. Rb7 {[%clk 0:16:15]} Rc2 {[%clk 0:03:42]} 43. Nd6
{[%clk 0:15:08]} Ke5 {[%clk 0:03:47]} 44. Nf7+ {[%clk 0:15:18]} Kd4
{[%clk 0:03:56]} 45. Ng5 {[%clk 0:15:24]} e5 {[%clk 0:02:37]} 46. Rxh7
{[%clk 0:14:21]} e4 {[%clk 0:02:33]} 47. Rh4 {[%clk 0:10:31]} Kd3
{[%clk 0:01:54]} 48. Kg1 {[%clk 0:09:37]} Ke2 {[%clk 0:27:53]} 49. Ne6
{[%clk 0:38:29]} Ke1 {[%clk 0:26:33]} 50. g4 {[%clk 0:34:23]} Rxf2
{[%clk 0:25:22]} 51. gxf5 {[%clk 0:34:08]} gxf5 {[%clk 0:25:43]} 52. Nd4
{[%clk 0:34:08]} f4 {[%clk 0:16:22]} 53. Rh5 {[%clk 0:33:47]} Ne3
{[%clk 0:16:00]} 54. Rg5 {[%clk 0:33:27]} f3 {[%clk 0:15:44]} 55. Re5
{[%clk 0:32:42]} Rg2+ {[%clk 0:14:57]} 56. Kh1 {[%clk 0:33:01]} Kf2
{[%clk 0:15:07]} 0-1

[Event "msr2018"]
[Site "?"]
[Date "2018.04.21"]
[Round "1.13"]
[White "Furman, Maximilian Jan"]
[Black "Vadila, Ondrej"]
[Result "0-1"]
[BlackElo "2023"]
[WhiteElo "1497"]
[LiveChessVersion "1.4.8"]

1. d4 {[%clk 1:30:56]} Nf6 {[%clk 1:30:52]} 2. Nf3 {[%clk 1:31:14]} g6
{[%clk 1:31:12]} 3. Nbd2 {[%clk 1:31:23]} Bg7 {[%clk 1:31:01]} 4. e4
{[%clk 1:30:41]} d6 {[%clk 1:31:17]} 5. c3 {[%clk 1:30:52]} O-O {[%clk 1:31:17]}
6. Bd3 {[%clk 1:30:10]} c5 {[%clk 1:30:33]} 7. O-O {[%clk 1:29:03]} cxd4
{[%clk 1:30:50]} 8. cxd4 {[%clk 1:29:25]} Nc6 {[%clk 1:31:02]} 9. a3
{[%clk 1:20:21]} Nh5 {[%clk 1:20:34]} 10. Nb3 {[%clk 1:15:02]} Bg4
{[%clk 1:18:44]} 11. Be2 {[%clk 1:09:36]} Nf6 {[%clk 1:14:57]} 12. h3
{[%clk 1:05:28]} Bxf3 {[%clk 1:08:14]} 13. Bxf3 {[%clk 1:05:50]} a5
{[%clk 1:07:33]} 14. Be3 {[%clk 0:58:55]} a4 {[%clk 1:05:29]} 15. Nc1
{[%clk 0:57:59]} Nd7 {[%clk 1:02:19]} 16. Ne2 {[%clk 0:53:24]} Nb6
{[%clk 1:00:25]} 17. Rc1 {[%clk 0:48:48]} Na5 {[%clk 0:59:02]} 18. Rc2
{[%clk 0:44:17]} Nbc4 {[%clk 0:56:46]} 19. Qd3 {[%clk 0:39:21]} b5
{[%clk 0:47:33]} 20. Nc1 {[%clk 0:36:43]} Rc8 {[%clk 0:46:07]} 21. Be2
{[%clk 0:30:02]} Qb6 22. Rd1 {[%clk 0:24:25]} Nxe3 {[%clk 0:41:14]} 23. fxe3
{[%clk 0:24:48]} Nc4 {[%clk 0:38:39]} 24. Kf2 {[%clk 0:20:53]} Bh6
{[%clk 0:38:30]} 25. Bg4 {[%clk 0:15:47]} f5 {[%clk 0:35:00]} 26. exf5
{[%clk 0:15:19]} gxf5 {[%clk 0:35:20]} 27. Bf3 {[%clk 0:15:04]} Nxe3
{[%clk 0:33:26]} 28. Rxc8 {[%clk 0:15:25]} Rxc8 {[%clk 0:33:51]} 29. Re1
{[%clk 0:15:22]} Rc2+ {[%clk 0:32:43]} 30. Kg1 {[%clk 0:14:14]} Qc7
{[%clk 0:32:10]} 31. Ne2 {[%clk 0:14:04]} Qc4 {[%clk 0:31:49]} 32. Qxc4+
{[%clk 0:13:10]} bxc4 {[%clk 0:31:46]} 33. Nc3 {[%clk 0:12:56]} f4
{[%clk 0:27:20]} 34. Nxa4 {[%clk 0:10:42]} Bg7 {[%clk 0:27:28]} 35. Kh2
{[%clk 0:05:45]} Bxd4 {[%clk 0:27:25]} 36. Be2 {[%clk 0:04:58]} e5
{[%clk 0:27:05]} 37. Bf3 {[%clk 0:04:36]} d5 {[%clk 0:27:27]} 38. Re2
{[%clk 0:04:06]} Rc1 {[%clk 0:27:23]} 39. g3 {[%clk 0:03:27]} e4 {[%clk 0:27:06]}
40. Bh1 {[%clk 0:02:18]} Nf1+ {[%clk 0:27:17]} 41. Kg2 {[%clk 0:02:02]} f3# 0-1